000 00488nam a2200181Ia 4500
999 _c35401
_d35401
003 OSt
005 20201211094522.0
008 190216s9999||||xx |||||||||||||| ||und||
040 _coclc
082 _a370.152
_bEDS/H
100 _aEdson, Lee
_97355
245 0 _aHow We Learn /
_cLee Edson
250 _a1st Ed.
260 _bTime Life Books,
_c1976.
_aNederland:
300 _a176p
650 _aEducation
942 _cREF
_2ddc
_h370.152
_iEDS/H
_k370.152
_mEDS/H